00863cam a22002537a 4500003000500000005001700005008004100022010001000063011001000073020001800083035001100101040000900112082001600121110006100137245015000198260003600348300001100384650002600395650004300421650002900464650002800493650003500521650005300556CHAP20220817044232.0081106s2007 mx r 00010 esp d a95353 a96325 a9789680203697 a106975 cCHAP00a370.73bU380 aUACH. Unidad de Planeación, Organización y Métodos10aProyecto presentado en la consulta universitaria del plan institucional de desarrollo 2006 - 2016 :bavances, posibilidades y rutas por transitar aChapingo, Méx. :bUACH,c2007 a339 p.14aEducación superior.14aEscuelas agrícolaszMéxico (Edo.).14aProyectos de desarrollo.14aUACHxAdministración.14aUACHxPolítica y desarrollo.14aUniversidadesxMéxico (Edo.)zMéxico (Edo.).